[Event "ITT ABC COLOR 2013"]
[Site "Asuncion PAR"]
[Date "2013.01.26"]
[Round "2.5"]
[White "Vazquez,Guillermo"]
[Black "Salinas Herrera,P"]
[Result "1/2-1/2"]
[WhiteElo "2350"]
[BlackElo "2386"]

1.e4 c5 2.Nf3 d6 3.d4 cxd4 4.Nxd4 Nf6 5.Nc3 a6 6.g3 e6 7.Bg2 Bd7 8.O-O Nc6
9.a4 Be7 10.Nxc6 Bxc6 11.a5 O-O 12.Qe2 Nd7 13.Rd1 Re8 14.Bf4 Qc7 15.b3 Rec8
16.Ra2 Ne5 17.Be3 Be8 18.Nb1 Qb8 19.c4 Bc6 20.Nc3 Nd7 21.Nd5 Bd8 22.Nb6 Nxb6
23.axb6 Be7 24.Bd2 Be8 25.Ba5 e5 26.Rd5 Bd7 27.h4 Be6 28.Rd3 Rc6 29.Kh2 Qc8
30.Rad2 Qf8 31.Qe3 g6 32.Bh3 Bxh3 33.Kxh3 f5 34.exf5 Qxf5+ 35.Kg2 g5 36.Rd5 gxh4
37.f4 Qg6 38.Kh1 hxg3 39.Rg2 Qh6+ 40.Kg1 Bh4 41.Bd2 Rf8 42.fxe5 Qxe3+ 43.Bxe3 Rf3
44.Re2 dxe5 45.Rxe5 Bf6 46.Re4 Bg7 47.Kg2 Rf7 48.Rg4 Re7 49.Kf3 Rce6 50.Rxg3 Kf7
51.Rgg2 Rf6+ 52.Kg3 Rg6+ 53.Kf3 Rf6+ 54.Kg3 Bh6 55.Bd4 Rg6+ 56.Kf3 Rxg2 57.Rxg2 Re6
58.c5 Ke7 59.Rg8 Kd7 60.Rh8 Re7 61.Bf2 Rf7+ 62.Ke2 Bf8 63.b4 Kc6 64.Be1 Kb5
65.Bd2 Re7+ 66.Kd3 Rf7 67.Ke2 Re7+ 68.Kd3 Rd7+ 69.Ke2 Rf7 70.Kd3 a5 71.bxa5 Bxc5
72.Rg8 Rd7+ 73.Ke2 Re7+ 74.Kd3 Rd7+ 75.Ke2 Re7+ 76.Kd3 Rd7+  1/2-1/2

[Event "ch-TUR 2013"]
[Site "Antalya TUR"]
[Date "2013.02.07"]
[Round "9.8"]
[White "Erdogdu,M"]
[Black "Yurtseven,M"]
[Result "1/2-1/2"]
[WhiteElo "2430"]
[BlackElo "2133"]

1.e4 c5 2.Nf3 d6 3.d4 cxd4 4.Nxd4 Nf6 5.Nc3 a6 6.g3 e5 7.Nb3 Be7 8.Bg2 Be6
9.O-O O-O 10.a4 Nbd7 11.a5 Rc8 12.Re1 Re8 13.h3 Bf8 14.Be3 Qc7 15.Nc1 Nb8
16.Bb6 Qd7 17.Kh2 Nc6 18.Nd5 Bxd5 19.exd5 Ne7 20.b3 g6 21.c4 Bg7 22.Ra2 h5
23.c5 dxc5 24.Nd3 Nexd5 25.Nxc5 Qc6 26.Rd2 e4 27.Nxe4 Nxe4 28.Rxe4 Nxb6 29.Rxe8+ Qxe8
30.Bxb7 Qe6 31.axb6 Rc3 32.Rd6 Qf5 33.Bg2 Qxf2 34.b7 Rxg3 35.b8=Q+ Kh7 36.Rd2 Rxg2+
37.Kh1 Qxd2 38.Qxd2 Rxd2 39.Qb7 a5 40.Qxf7 Ra2 41.Qb7 a4 42.bxa4 Rxa4 43.Kg2 Ra3
44.Qe7 Rc3 45.h4 Rd3 46.Kh2 Rf3  1/2-1/2

[Event "ch-CHI Final 2013"]
[Site "Iquique CHI"]
[Date "2013.02.16"]
[Round "5.6"]
[White "Henriquez Villagra,C"]
[Black "Salinas Herrera,P"]
[Result "1/2-1/2"]
[WhiteElo "2306"]
[BlackElo "2386"]

1.e4 c5 2.Nf3 d6 3.d4 cxd4 4.Nxd4 Nf6 5.Nc3 a6 6.g3 e6 7.Bg2 Bd7 8.O-O Nc6
9.a4 Be7 10.h3 O-O 11.g4 Nxd4 12.Qxd4 Bc6 13.a5 Nd7 14.Be3 Qc7 15.Rfd1 Rfb8
16.Qd3 Nc5 17.Qe2 b5 18.axb6 Rxb6 19.Ra2 Qb7 20.b3 Rb4 21.Nd5 exd5 22.exd5 Bb5
23.Qd2 Re4 24.b4 Rxe3 25.Qxe3 Na4 26.c4 Be8 27.c5 Bb5 28.c6 Qc7 29.Re1 Bf8
30.Bf1 Bxf1 31.Kxf1 Qb8 32.Qd3 Qxb4 33.Re4 Qb5 34.Qxb5 axb5 35.Rb4 Rc8 36.Rc2 Nc5
37.Rxb5 g5 38.Rcb2 Na6 39.Rb6 Nc7 40.Rb8 Rxb8 41.Rxb8 Nxd5 42.Rb7 Kg7 43.c7 Nxc7
44.Rxc7 Kf6 45.Rc3 Bg7 46.Rf3+ Kg6 47.Rf5 Be5 48.Ke2 h5 49.Kd3 hxg4 50.hxg4 f6
51.Ke4 Kf7 52.Kd5 Bf4 53.Ke4 Be5 54.Kd5 Bf4 55.Rxf4 gxf4 56.Kxd6 Kg6 57.f3 f5
58.gxf5+ Kf6 59.Kd5 Kxf5 60.Kd4 Kf6 61.Ke4 Ke6 62.Kxf4  1/2-1/2

[Event "Zagreb Open A 2013"]
[Site "Zagreb CRO"]
[Date "2013.03.03"]
[Round "8.7"]
[White "Brkic,A"]
[Black "Ivekovic,Z"]
[Result "1-0"]
[WhiteElo "2581"]
[BlackElo "2328"]

1.e4 c5 2.Nf3 d6 3.d4 cxd4 4.Nxd4 Nf6 5.Nc3 a6 6.g3 e5 7.Nb3 Be7 8.Bg2 O-O
9.O-O Be6 10.a4 Qc8 11.Re1 Bh3 12.Bh1 Bg4 13.Qd3 Nc6 14.Bg5 Nb4 15.Qd2 h6
16.Bxf6 Bxf6 17.h4 a5 18.Rec1 Rd8 19.Nb5 Qc4 20.Nxa5 Rxa5 21.b3 Qc5 22.c3 Nc6
23.b4 Qc4 24.bxa5 Nxa5 25.Rab1 Nb3 26.Qa2 Be6 27.Rd1 Ra8 28.Qc2 Qxa4 29.Nc7 Nc5
30.Qxa4 Rxa4 31.Rxd6 Rc4 32.Nxe6 fxe6 33.Rc1 Nb3 34.Re1 Rxc3 35.Rxe6 b5 36.Rb1 Nd4
37.Rd6 Kf7 38.Bg2 Rc2 39.Bf1 Be7 40.Rd5 Bc5 41.Kg2 Ne6 42.Rxe5 Rxf2+ 43.Kh3 Ke7
44.Bxb5 Rc2 45.Ba4 Rc3 46.Bb3 Rxg3+ 47.Kxg3 Bd6 48.Kg4 Bxe5 49.Kf5 Kd6  1-0

[Event "79th ch-BRA 2013"]
[Site "Montenegro BRA"]
[Date "2013.03.04"]
[Round "9.5"]
[White "Santiago,Y"]
[Black "Menna Barreto,F"]
[Result "1-0"]
[WhiteElo "2405"]
[BlackElo "2285"]

1.e4 c5 2.Nf3 d6 3.d4 cxd4 4.Nxd4 Nf6 5.Nc3 a6 6.g3 Bg4 7.f3 Bd7 8.Be3 e6
9.Qd2 Nc6 10.g4 Be7 11.O-O-O h6 12.h4 b5 13.Nxc6 Bxc6 14.Rg1 Qa5 15.Kb1 Nd7
16.g5 Ne5 17.Qf2 Rb8 18.Ne2 hxg5 19.Bxg5 Nc4 20.Nd4 Bd7 21.Bxe7 Kxe7 22.Rxg7 Qb4
23.Nb3 Rhc8 24.Qg3 Be8 25.c3 Qa4 26.Bxc4 bxc4 27.Qxd6+ Kf6 28.e5+ Kxg7 29.Rg1+ Kh7
30.Qf8  1-0

[Event "UTD Turner GM Invitational 2013"]
[Site "Richardson USA"]
[Date "2013.03.10"]
[Round "4"]
[White "Safin,A"]
[Black "Xiong,Jeffrey"]
[Result "0-1"]
[WhiteElo "2236"]
[BlackElo "2330"]

1.e4 c5 2.Nf3 d6 3.d4 cxd4 4.Nxd4 Nf6 5.Nc3 a6 6.g3 g6 7.Bg2 Bg7 8.O-O O-O
9.h3 Bd7 10.Nde2 Nc6 11.Nf4 b5 12.Ncd5 Nxd5 13.exd5 Na5 14.c3 Nc4 15.Nd3 Re8
16.Re1 Bf6 17.h4 Qc8 18.Bg5 Bxg5 19.hxg5 Bg4 20.Qc1 Bf5 21.Nb4 Ne5 22.Qd2 Bh3
23.f4 Nc4 24.Qf2 Bxg2 25.Kxg2 Qb7 26.Rad1 Nb6 27.Qf3 Rac8 28.Re2 Qa8 29.Nc2 Rc5
30.Ne3 f5 31.Kf2 Rf8 32.Rd4 Rc7 33.a3 Nd7 34.Nf1 Nc5 35.Nd2 Rf7 36.Re3 Na4
37.b3 Nc5 38.c4 Qa7 39.Kg2 Ne4 40.Red3 Nc5 41.Re3 Ne4 42.Red3 Nc5 43.Re3 Nxb3
44.Nxb3 bxc4 45.Rc3 cxb3 46.Rxc7 Qxc7 47.Qxb3 Rf8 48.Rc4 Qa7 49.Qc3 Qb7 50.Qd4 Rb8
51.Rb4 Qc7 52.Rxb8+ Qxb8 53.Qe3 Qb2+ 54.Kh3 Kf8 55.Qd3 Qc1 56.Kh2 a5 57.Qb3 Qd2+
58.Kh3 Qe1 59.Kg2 Qe4+ 60.Kh2 Kf7 61.a4 Qe2+ 62.Kg1 Qe1+ 63.Kh2 Qd2+ 64.Kh3 Qf2
65.Qd3 Qg1 66.Qf3 Qa1 67.g4 fxg4+ 68.Kxg4 Qxa4 69.Qc3 Qd1+ 70.Kg3 Qxd5 71.Qh8 Qh1  0-1

[Event "13th European Seniors"]
[Site "Plovdiv BUL"]
[Date "2013.03.11"]
[Round "1"]
[White "Auvinen,E"]
[Black "Gruzmann,B"]
[Result "0-1"]
[WhiteElo "1962"]
[BlackElo "2284"]

1.e4 c5 2.Nf3 d6 3.d4 cxd4 4.Nxd4 Nf6 5.Nc3 a6 6.g3 e5 7.Nde2 Be6 8.Bg2 Be7
9.O-O Nbd7 10.Nd5 Bxd5 11.exd5 b5 12.Nc3 O-O 13.a3 Nb6 14.b3 Rc8 15.Bb2 Nfd7
16.f4 exf4 17.Rxf4 Bf6 18.Rf3 Ne5 19.Rf2 Ng6 20.Qd3 Nd7 21.Nd1 Nde5 22.Qf1 Qb6
23.Kh1 Ng4 24.Re2 Bxb2 25.Nxb2 N6e5 26.h3 Nf6 27.Qf2 Qxf2 28.Rxf2 Rc3 29.g4 Rfc8
30.a4 b4 31.Ra2 Rxc2 32.Nc4 Rxa2 33.Rxa2 Nxc4 34.bxc4 Rxc4 35.Bf1 Rc1 36.Kg2 b3
37.Rb2 Rc2+  0-1

[Event "Karpos Open 2013"]
[Site "Skopje MKD"]
[Date "2013.03.11"]
[Round "4.9"]
[White "Stevic,H"]
[Black "Popilski,G"]
[Result "1/2-1/2"]
[WhiteElo "2620"]
[BlackElo "2520"]

1.e4 c5 2.Nf3 d6 3.d4 cxd4 4.Nxd4 Nf6 5.Nc3 a6 6.g3 e6 7.Bg2 Be7 8.O-O O-O
9.a4 Nc6 10.Nxc6 bxc6 11.e5 dxe5 12.Qxd8 Rxd8 13.Bxc6 Rb8 14.Rd1 Rxd1+ 15.Nxd1 Nd5
16.a5 Nb4 17.Ba4 Bd7 18.Bxd7 Nxc2 19.Rb1 Na3 20.Ra1 Nc2 21.Rb1 Na3 22.Ra1 Nc2
23.Rb1  1/2-1/2

[Event "13th European Seniors"]
[Site "Plovdiv BUL"]
[Date "2013.03.17"]
[Round "7"]
[White "Vasiukov,E"]
[Black "Karasev,Vl"]
[Result "1/2-1/2"]
[WhiteElo "2460"]
[BlackElo "2354"]

1.e4 c5 2.Nf3 d6 3.d4 cxd4 4.Nxd4 Nf6 5.Nc3 a6 6.g3 e5 7.Nb3 Bg4 8.Qd3 Nbd7
9.h3 Be6 10.Bg2 Rc8 11.g4 h6 12.f4 exf4 13.Bxf4 Ne5 14.Qg3 b5 15.O-O-O Qc7
16.Nd4 g5 17.Bd2 Bg7 18.Kb1 Nc4 19.e5 d5 20.Bc1 b4 21.Nce2 Qxe5 22.Qxe5 Nxe5
23.Ng3 O-O 24.Rhe1 Ng6 25.Nxe6 fxe6 26.Rxe6 Nh4 27.Bh1 a5 28.Ra6 Rc5 29.Be3 Rb5
30.Bd4 Ne4 31.Bxg7 Kxg7 32.Nxe4 dxe4 33.Bxe4 Re5 34.Ra7+ Rf7 35.Rxf7+ Kxf7
36.Bc6 Ng6 37.a4 bxa3 38.b3 Nf4 39.Rd7+ Ke6 40.Rd2 Rc5 41.Bd7+ Ke5 42.c4 Nxh3
43.Ka2 Nf4 44.Kxa3 h5 45.gxh5 Nxh5 46.Ka4 Nf6 47.Bb5 Ne4 48.Rg2 Kf4 49.Kxa5 g4
50.Kb6 g3 51.Bc6 Re5 52.b4 Kf3 53.Rg1 Kf2 54.Rc1 g2 55.b5 Ke3 56.Rg1 Kf2
57.Rxg2+ Kxg2 58.Bxe4+ Rxe4 59.c5 Kf3 60.c6 Rc4 61.Kc7 Ke4 62.b6 Kd5 63.b7 Rxc6+
64.Kd7  1/2-1/2

[Event "81st ch-St Petersburg w"]
[Site "St Petersburg RUS"]
[Date "2013.03.18"]
[Round "8"]
[White "Chuprova,Irina"]
[Black "Andreeva,Y"]
[Result "0-1"]
[WhiteElo "1933"]
[BlackElo "2001"]

1.e4 c5 2.Nf3 d6 3.d4 cxd4 4.Nxd4 Nf6 5.Nc3 a6 6.g3 e5 7.Nb3 Be6 8.Bg2 Be7
9.O-O h5 10.h4 Nbd7 11.Nd5 Nxd5 12.exd5 Bg4 13.f3 Bf5 14.Be3 Nf8 15.f4 Ng6
16.Qd2 Bg4 17.f5 Nf8 18.c4 Nd7 19.Na5 Qc8 20.Rac1 Bd8 21.Nb3 b6 22.Qf2 Nc5
23.Nxc5 bxc5 24.b4 cxb4 25.c5 O-O 26.Be4 a5 27.cxd6 Qd7 28.Rc6 a4 29.Qb2 b3
30.axb3 a3 31.Qa2 Bh3 32.Rf2 Ba5 33.Kh2 Bg4 34.Rf1 Bb4 35.Bd2 Bxd6 36.Bc3 Rfc8
37.f6 Rxc6 38.dxc6 Qe6 39.fxg7 Kxg7 40.Qd2 f6 41.Bd5 Qe7 42.b4 Rb8 43.Rb1 Kg6
44.b5 e4 45.Qe3 Bf3 46.Bd2 Kf5 47.Bc4 a2 48.Ra1 Qg7 49.Be1 Qg4 50.Bf1 Rxb5
51.Qf2 Qxh4+ 52.Bh3+ Kg6 53.Rxa2 Rg5 54.Rc2 Bc7 55.Qg1 e3 56.Rc3 Bg4 57.Qg2 Bxh3
58.Qxh3 Qd4 59.Qf1 Bxg3+ 60.Bxg3 Qxc3  0-1

[Event "TCh-AUT 2012-13"]
[Site "St.Veit AUT"]
[Date "2013.03.23"]
[Round "10.2"]
[White "Predojevic,B"]
[Black "Bernasek,J"]
[Result "1/2-1/2"]
[WhiteElo "2600"]
[BlackElo "2506"]

1.e4 c5 2.Nf3 d6 3.d4 cxd4 4.Nxd4 Nf6 5.Nc3 a6 6.g3 e6 7.Bg2 Be7 8.O-O O-O
9.a4 Nc6 10.Nb3 Bd7 11.g4 e5 12.h3 Nb4 13.Be3 Rc8 14.a5 Be6 15.Ra4 d5 16.Bb6 Qd6
17.Rxb4 Qxb4 18.exd5 Bd7 19.Re1 Bd6 20.g5 Ne8 21.Re4 Rc4 22.Na2 Qa4 23.Nc3 Qb4
24.Na2 Qa4 25.Nc3 Qb4 26.Na2 Qa4  1/2-1/2

[Event "44th Marcel Duchamp"]
[Site "Buenos Aires ARG"]
[Date "2013.03.24"]
[Round "1.10"]
[White "Ayala,Gustavo"]
[Black "Santiago,Y"]
[Result "0-1"]
[WhiteElo "1929"]
[BlackElo "2411"]

1.e4 c5 2.Nf3 d6 3.d4 cxd4 4.Nxd4 Nf6 5.Nc3 a6 6.g3 e5 7.Nde2 Be7 8.Bg2 Nbd7
9.a4 b6 10.O-O Bb7 11.g4 Nxg4 12.Ng3 Ngf6 13.Nf5 O-O 14.Nxd6 Bxd6 15.Qxd6 Nc5
16.Qxd8 Rfxd8 17.Bg5 Ne6 18.Be3 Nd4 19.Rad1 Rac8 20.Rd2 b5 21.axb5 Nxb5 22.Nd5 Nxd5
23.exd5 f5 24.b3 Nc3 25.d6 Bxg2 26.Kxg2 Rc6 27.d7 f4 28.Ba7 Ne4 29.Rd3 Nf6
30.Rfd1 e4 31.R3d2 Kf7 32.b4 Ke6 33.Bb8 f3+ 34.Kg3 Rxd7 35.Kf4 Nd5+ 36.Kg3 g5
37.Rd4 Nf6 38.Be5 Rxd4 39.Bxd4 Nd5 40.Bc5 a5 41.Rd4 Ke5 42.c4 Rxc5 43.Rxd5+ Rxd5  0-1

[Event "6th Montalvo Open"]
[Site "Las Palmas ESP"]
[Date "2013.03.26"]
[Round "2.11"]
[White "Bressac,S"]
[Black "Ramirez Medina,Victor"]
[Result "1/2-1/2"]
[WhiteElo "2284"]
[BlackElo "1930"]

1.e4 c5 2.Nf3 d6 3.d4 cxd4 4.Nxd4 Nf6 5.Nc3 a6 6.g3 e5 7.Nb3 Be7 8.Bg2 O-O
9.Nd2 b5 10.Nf1 Bb7 11.Bg5 Nbd7 12.Ne3 Rc8 13.O-O b4 14.Bxf6 Nxf6 15.Ncd5 Nxd5
16.exd5 f5 17.Bh3 g6 18.Qd2 a5 19.a3 Qb6 20.axb4 Qxb4 21.Qxb4 axb4 22.Ra7 Rc7
23.b3 Ra8 24.Rfa1 Rxa7 25.Rxa7 Bd8 26.Bg2 e4 27.Bf1 Kf7 28.Ba6 Bxa6 29.Rxa6 Be7
30.Rb6 Bg5 31.Nc4 Rc5 32.Rxd6 Be7 33.Rd7 Ke8 34.Rb7 Rxd5 35.Kf1 g5 36.Rb8+ Kf7
37.Ne3 Ra5 38.Rb7 f4 39.gxf4 gxf4 40.Nc4 Rd5 41.Ke2 h5 42.Nd2 Re5 43.Nc4 Rd5
44.Nd2 Re5 45.f3 e3 46.Ne4 Ke6 47.Rb6+ Kf7 48.Rh6 Kg7 49.Rc6 Kf7 50.Rc4 Ra5
51.Rd4 Ra2 52.Rc4 Ra5 53.h4 Kg6 54.Rc6+ Kf7 55.Nd6+ Bxd6 56.Rxd6 Rc5 57.Kd1 e2+
58.Kxe2 Rxc2+ 59.Kd3 Rc3+ 60.Ke4 Rxb3 61.Kxf4 Rc3 62.Rd5 Kg6 63.Rg5+ Kh6
64.Rb5 Rc4+ 65.Kf5 Rxh4 66.f4 Rg4 67.Rxb4 Rg1 68.Kf6 Rg6+ 69.Ke5 Ra6 70.Rb7 h4
71.f5 Kg5 72.Rb4 Rc6 73.f6 Rxf6 74.Rxh4 Rf5+ 75.Ke4 Kxh4 76.Kxf5  1/2-1/2

[Event "17th Neckar Open"]
[Site "Deizisau GER"]
[Date "2013.03.29"]
[Round "3.3"]
[White "Kotainy,J"]
[Black "Nisipeanu,LD"]
[Result "1-0"]
[WhiteElo "2413"]
[BlackElo "2677"]

1.e4 c5 2.Nf3 d6 3.d4 cxd4 4.Nxd4 Nf6 5.Nc3 a6 6.g3 e6 7.Bg2 Be7 8.Qe2 O-O
9.O-O Qc7 10.Be3 Nc6 11.f4 Nxd4 12.Bxd4 e5 13.Be3 Be6 14.Nd5 Bxd5 15.exd5 exf4
16.Rxf4 Nd7 17.Rc4 Qb8 18.Rf1 Ne5 19.Rc3 Qd8 20.Be4 g6 21.Bg2 f5 22.Rb3 Qd7
23.c4 Rae8 24.c5 dxc5 25.d6 Qxd6 26.Rd1 Qf6 27.Rxb7 Ng4 28.Rdd7 Qe5 29.Qc4+ Rf7
30.Bd2 Nf6 31.Rd3 Ne4 32.Bf4 Qf6 33.Rdd7 g5 34.Bc7 Kf8 35.Rb6 Qg7 36.Bf3 Bf6
37.Qxf7+ Qxf7 38.Rxf7+ Kxf7 39.Bh5+ Ke7 40.Bxe8 Bd4+ 41.Kg2 Kxe8 42.Be5 Be3
43.Rxa6 Kd7 44.Kf3 Bc1 45.Ke2 c4 46.Ra4 f4 47.gxf4 gxf4 48.Bxf4  1-0

[Event "e2e4 Dublin Masters"]
[Site "Dublin IRL"]
[Date "2013.03.29"]
[Round "3"]
[White "Kalaiyalahan,Akshaya"]
[Black "O'Rourke,R"]
[Result "1/2-1/2"]
[WhiteElo "1815"]
[BlackElo "2026"]

1.e4 c5 2.Nf3 d6 3.d4 cxd4 4.Nxd4 Nf6 5.Nc3 a6 6.g3 Nc6 7.Bg2 e5 8.Nde2 Bg4
9.O-O Bxe2 10.Nxe2 Be7 11.c3 O-O 12.a4 a5 13.h3 Qc7 14.Be3 Rfd8 15.Qb3 Ra6
16.Rfd1 Nd7 17.Rac1 Nc5 18.Qc2 Rb8 19.Bxc5 dxc5 20.Rd5 Rd8 21.Rcd1 Bd6 22.Qd3 Be7
23.Qc2 Raa8 24.Nc1 Na7 25.Nd3 Rxd5 26.exd5 f5 27.Qe2 Bd6 28.c4 Rf8 29.Ne1 Nc8
30.Nc2 Ne7 31.Na3 Ng6 32.Nb5 Qd7 33.Nxd6 Qxd6 34.Re1 Re8 35.b3 e4 36.f4 Qf6
37.Qe3 h5 38.h4 b6 39.Rd1 Rd8 40.Kf1 Rd6 41.Kg1 Nf8 42.Rd2 Nd7 43.Bh3 Nb8
44.Bf1 Na6 45.Be2 g6 46.Kg2 Nb4 47.Kh2 Kf7 48.Kg2 Qa1 49.Bf1 Qc1 50.Re2 Qxe3
51.Rxe3 Nc2 52.Rc3 Nd4 53.Kf2 Ke7 54.Ke3 Rd8 55.Be2 Kd6 56.Bd1 Rh8 57.Rc1  1/2-1/2

[Event "7th Philadelphia Open"]
[Site "Philadelphia USA"]
[Date "2013.03.29"]
[Round "5"]
[White "Pavlovic,MilosM"]
[Black "Shen,A"]
[Result "1/2-1/2"]
[WhiteElo "2482"]
[BlackElo "2227"]

1.e4 c5 2.Nf3 d6 3.d4 cxd4 4.Nxd4 Nf6 5.Nc3 a6 6.g3 e6 7.Bg2 Nc6 8.O-O Qc7
9.Be3 Be7 10.f4 O-O 11.Kh1 Nd7 12.Nb3 b5 13.a3 Nb6 14.g4 Nc4 15.Bc1 Re8 16.g5 Bb7
17.Rf3 Bf8 18.Rh3 g6 19.Qg4 Rad8 20.Qh4 h5 21.gxh6 Kh7 22.f5 N6e5 23.Bg5 Rd7
24.fxe6 fxe6 25.Rb1 Rf7 26.Nd4 Qc5 27.Nf3 Nxf3 28.Rxf3 Rxf3 29.Bxf3 Ne5 30.Bg2 Nf7
31.Bd2 Be7 32.Qh3 Bg5 33.Rf1 Re7 34.Qd3 Bxd2 35.Qxd2 Nxh6 36.Rf4  1/2-1/2

[Event "ch-Moscow w 2013"]
[Site "Moscow RUS"]
[Date "2013.03.30"]
[Round "8.6"]
[White "Kharmunova,N"]
[Black "Bukhteeva,V"]
[Result "0-1"]
[WhiteElo "2196"]
[BlackElo "2170"]

1.e4 c5 2.Nf3 d6 3.d4 cxd4 4.Nxd4 Nf6 5.Nc3 a6 6.g3 e5 7.Nb3 Be6 8.Bg2 Be7
9.a4 O-O 10.O-O Nbd7 11.Re1 Rc8 12.Nd2 Qc7 13.Nf1 Nb6 14.Ne3 Rfd8 15.Ned5 Nbxd5
16.exd5 Bf5 17.Bf1 Qc5 18.Be3 Qb4 19.Qc1 Ng4 20.a5 Nxe3 21.fxe3 Qc5 22.Qd2 Rf8
23.Ra4 Bd7 24.Ne4 Qxc2 25.Qxc2 Rxc2 26.Rb4 Bf5 27.Bd3 Bxe4 28.Bxe4 Rc7 29.Re2 Rfc8
30.Kg2 g6 31.g4 Rc4 32.Rxb7 Rxe4 33.Rxe7 Rxg4+ 34.Kf3 h5 35.h3 Ra4 36.Rd7 Rxa5
37.Rxd6 Rc4 38.Rd2 Kg7 39.Rd8 Kf6 40.d6 e4+ 41.Kg3 Rg5+ 42.Kh2 Rcc5 43.Ra8 Rcd5
44.Rxd5 Rxd5 45.Rxa6 Ke6 46.d7+ Kxd7 47.Kg3 Rf5 48.Kg2 Rb5 49.Ra2 Rb3 50.Kf2 Ke6
51.Ra6+ Kf5 52.Ra5+ Kf6 53.Kg3 Rxe3+ 54.Kf4 Rxh3 55.Ra6+ Kg7 56.b4 Rb3 57.Rb6 e3
58.Kf3 h4 59.b5 h3 60.Rb8 h2 61.Kg2 Rb2+ 62.Kh1 e2  0-1

[Event "7th Philadelphia Open"]
[Site "Philadelphia USA"]
[Date "2013.03.30"]
[Round "7"]
[White "Barnett,A"]
[Black "Chan,Jam"]
[Result "1-0"]
[WhiteElo "2214"]
[BlackElo "2027"]

1.e4 c5 2.Nf3 d6 3.d4 cxd4 4.Nxd4 Nf6 5.Nc3 a6 6.g3 e5 7.Nde2 Be6 8.Bg2 Nbd7
9.h3 b5 10.Be3 Nb6 11.O-O b4 12.Nd5 Bxd5 13.exd5 Nc4 14.Bc1 Be7 15.a3 bxa3
16.b3 Nb6 17.Rxa3 O-O 18.c4 Nfd7 19.Be3 Qc7 20.Qd2 a5 21.Nc3 Nc5 22.Rfa1 a4
23.Bxc5 Qxc5 24.Nxa4 Nxa4 25.Rxa4 Rxa4 26.Rxa4 h6 27.Bf1 Bg5 28.Qc3 Rc8 29.Qb2 e4
30.b4 Qb6 31.Qa3 e3 32.fxe3 Bxe3+ 33.Kg2 Qd4 34.Qd3 Qe5 35.Ra2 Re8 36.Re2 h5
37.c5 dxc5 38.d6  1-0

[Event "Open Golden Island Krk"]
[Site "Malinska CRO"]
[Date "2013.04.11"]
[Round "8.7"]
[White "Plenca,J"]
[Black "Jelica,M"]
[Result "0-1"]
[WhiteElo "2374"]
[BlackElo "2224"]

1.e4 c5 2.Nf3 d6 3.d4 cxd4 4.Nxd4 Nf6 5.Nc3 a6 6.g3 g6 7.Bg2 Bg7 8.O-O Nc6
9.h3 O-O 10.Nde2 Rb8 11.a4 b5 12.axb5 axb5 13.Nd5 Nxd5 14.exd5 Ne5 15.Nd4 Bd7
16.b3 Qc8 17.Kh2 Qc3 18.Be3 Rfc8 19.Ra7 h5 20.Kh1 Bf6 21.Ne2 Qxc2 22.f4 Bxh3
23.fxe5 Bxg2+ 24.Kxg2 Qe4+ 25.Rf3 dxe5 26.Bf2 Rc2 27.Ng1 Rd8 28.Kf1 Rxd5
29.Qe1 Qg4 30.Qe3 Rd1+ 31.Kg2 Kg7 32.Nh3 e4 33.Rf4 Qe2 34.Qxe2 Rxe2 35.Ng1 Rb2
36.Rxe4 Rdd2 37.Nh3 Rxb3 38.Rb7 Rbb2 39.Kf3 Rb3+ 40.Be3 g5 41.g4 hxg4+ 42.Kxg4 Rdd3
43.Kf3 Bd4 44.Rbxe7 Bxe3 45.Kg4 Bc5 46.Nxg5 Bxe7 47.Rxe7 Kg6 48.Rxf7 Rg3+
49.Kh4 Rxg5 50.Rf6+ Kg7 51.Kxg5 Rg3+ 52.Kf4 Kxf6  0-1

[Event "ch-ISR 2013"]
[Site "Acre ISR"]
[Date "2013.04.13"]
[Round "8.11"]
[White "Judkovsky,Yair"]
[Black "Steinberg,N"]
[Result "1/2-1/2"]
[WhiteElo "2355"]
[BlackElo "2425"]

1.e4 c5 2.Nf3 d6 3.d4 cxd4 4.Nxd4 Nf6 5.Nc3 a6 6.g3 e5 7.Nb3 Be6 8.Bg2 Be7
9.O-O Nbd7 10.a4 Rc8 11.Re1 Nb6 12.a5 Nc4 13.Qd3 O-O 14.Ra4 b5 15.axb6 Nxb6
16.Ra5 Nc4 17.Ra1 Qb6 18.h3 Rfd8 19.Rd1 h6 20.Qe2 Bd7 21.Ra2 Be6 22.Ra4 Qc7
23.Kh2 Nb6 24.Ra5 Bc4 25.Qe1 d5 26.Nxd5 Bxd5 27.exd5 Qxc2 28.Na1 Qc7 29.Be3 e4
30.Bf4 Bd6 31.Bxd6 Rxd6 32.Rxa6 Nbxd5 33.Rxd6 Qxd6 34.Qd2 Qe5 35.Qd4 Qxd4
36.Rxd4 e3 37.fxe3 Nxe3 38.Rd2 Rc1 39.Nb3 Rb1 40.Nc5 Nc4 41.Rd8+ Kh7 42.Nd7 Rxb2  1/2-1/2

[Event "77th ch-BUL 2013"]
[Site "Bankya BUL"]
[Date "2013.04.18"]
[Round "3.1"]
[White "Ninov,N"]
[Black "Vutov,M"]
[Result "1-0"]
[WhiteElo "2504"]
[BlackElo "2362"]

1.e4 c5 2.Nf3 d6 3.d4 cxd4 4.Nxd4 Nf6 5.Nc3 a6 6.g3 e5 7.Nb3 Be7 8.Bg2 Nbd7
9.a4 h5 10.h4 b6 11.Nd2 Qc7 12.Nf1 Bb7 13.Ne3 g6 14.Ned5 Bxd5 15.Nxd5 Nxd5
16.Qxd5 O-O 17.c3 Rab8 18.O-O Rfd8 19.Rd1 Nf6 20.Qd3 b5 21.axb5 axb5 22.Bg5 Ng4
23.Bxe7 Qxe7 24.Ra6 Qc7 25.Rxd6 Rxd6 26.Qxd6 Qa7 27.Qd2 Kg7 28.Qe2 b4 29.c4 Ra8
30.Bf3 Nf6 31.Kg2 Qc5 32.Qd3 Ra2 33.Rb1 Ra7 34.Qc2 Rd7 35.Ra1 Rd4 36.b3 Nd7
37.Qe2 Qd6 38.Ra5 Nc5 39.Qe3 Ne6 40.Be2 Nc5 41.Bxh5 Nxb3 42.Qxb3 gxh5 43.Rb5 Rxe4
44.Rxb4 Qc5 45.Qf3 Rg4 46.Rb5 Qxc4 47.Rxe5 Qc2 48.Rxh5 Rg6 49.Rf5 Qc7 50.h5 Re6
51.Rg5+ Kf8 52.Rg6 Re1 53.Rc6 Qd7 54.h6 Kg8 55.Rf6 Re5 56.h7+  1-0

[Event "Zonal 2.5 2013"]
[Site "Montevideo URU"]
[Date "2013.04.22"]
[Round "6.4"]
[White "Vazquez,Guillermo"]
[Black "Almiron,A"]
[Result "1/2-1/2"]
[WhiteElo "2351"]
[BlackElo "2194"]

1.e4 c5 2.Nf3 d6 3.d4 cxd4 4.Nxd4 Nf6 5.Nc3 a6 6.g3 e5 7.Nde2 b5 8.Bg2 Nbd7
9.h3 Be7 10.g4 b4 11.Nd5 Nxd5 12.exd5 a5 13.a3 b3 14.cxb3 Rb8 15.b4 axb4
16.axb4 Rxb4 17.Bd2 Rb8 18.Ba5 Nb6 19.O-O Qd7 20.Qd3 Na4 21.b4 O-O 22.Nc3 Nxc3
23.Qxc3 Ba6 24.Qc6 Bb5 25.Qxd7 Bxd7 26.Rfc1 Bd8 27.Bc7 Bxc7 28.Rxc7 Rfd8
29.Raa7 Be8 30.Rab7 Kf8 31.Bf1 Rxb7 32.Rxb7 f6 33.b5 Bf7 34.Bg2 Ke8 35.b6 Rc8
36.Kh2 g6 37.Be4 Rc4 38.Rb8+ Ke7 39.Rb7+ Ke8  1/2-1/2

[Event "Old Capital Open 2013"]
[Site "Veliko Tarnovo BUL"]
[Date "2013.05.04"]
[Round "6.20"]
[White "Kamenov,V"]
[Black "Petrov,Vl5"]
[Result "1-0"]
[WhiteElo "1848"]
[BlackElo "2024"]

1.e4 c5 2.Nf3 d6 3.d4 cxd4 4.Nxd4 Nf6 5.Nc3 a6 6.g3 e5 7.Nde2 Be7 8.Bg2 b5
9.Nd5 Nxd5 10.Qxd5 Ra7 11.Be3 Be6 12.Qd2 Rd7 13.Nc3 Nc6 14.Nd5 O-O 15.O-O-O Bxd5
16.Qxd5 Nb4 17.Qb3 Nc6 18.Rd5 Na5 19.Qa3 Qc7 20.b3 Rc8 21.Qb2 Rdd8 22.Rhd1 Nc6
23.a3 b4 24.a4 Bf6 25.Bh3 Rb8 26.Kb1 Nd4 27.Bf1 Qc8 28.Bc4 Qg4 29.Qc1 Qxe4
30.Ra5 Rdc8 31.Bxd4 exd4 32.Bd5 Qe2 33.Rd2 Qh5 34.Qh1 Rc5 35.Rxc5 dxc5 36.f4 Re8
37.Bc4 a5 38.Re2 Rd8 39.Qe4 h6 40.Bd3 g6 41.Qc6 Kg7 42.f5 g5 43.Qxc5 Qf3
44.Qxa5 Qb7 45.Re4 Rd5 46.Qa6 Qxa6 47.Bxa6 Rxf5 48.Bd3 Rc5 49.Re8 Ra5 50.Rb8 Be7
51.Rb7 Kf6 52.Bc4 Re5 53.Rd7 Kg6 54.Kc1 f5 55.Rxd4 Re1+ 56.Rd1 Rxd1+ 57.Kxd1 f4
58.gxf4 gxf4 59.a5 Kg5 60.a6 Bc5 61.Ke2 Kf5 62.Kd2 Ke4 63.c3 Kf3 64.Bd5+ Kf2
65.cxb4 Be3+ 66.Kd1 f3 67.Be4 h5 68.Bc6 h4 69.Be4 h3 70.Bb7 Bd4 71.b5 Be3
72.b4 Bb6 73.Kd2 Ba7 74.Bd5 Bb6 75.Kd3 Ba7 76.Ke4 Be3 77.Be6 Ke2 78.Bxh3 f2
79.Be6 Kd2 80.Bc4 Bb6 81.h4 Kc3 82.Bf1 Kxb4 83.h5 Bc5 84.h6 Ka5 85.h7 Ba7
86.h8=Q Bb6 87.Qa1+ Kb4 88.a7 Bxa7 89.Qxa7 Kb3 90.b6 Kc3 91.Qa3+ Kd2 92.Qd3+ Kc1
93.Qe2 Kb1 94.Kd3 Ka1 95.Kc3  1-0

[Event "ch-USA 2013"]
[Site "Saint Louis USA"]
[Date "2013.05.05"]
[Round "3"]
[White "Ivanov,AV USA"]
[Black "Shankland,S"]
[Result "0-1"]
[WhiteElo "2529"]
[BlackElo "2612"]

1.e4 c5 2.Nf3 d6 3.d4 cxd4 4.Nxd4 Nf6 5.Nc3 a6 6.g3 e5 7.Nde2 Be7 8.Bg2 O-O
9.a4 Be6 10.O-O Nbd7 11.h3 Rc8 12.b3 Re8 13.Be3 Qa5 14.Qd2 Bd8 15.Rfd1 Rc6
16.Nd5 Qxd2 17.Rxd2 Ba5 18.b4 Bd8 19.c3 Rc4 20.Nxf6+ Nxf6 21.f3 Be7 22.g4 h6
23.h4 Nh7 24.Bf2 Nf8 25.a5 Ng6 26.h5 Nf8 27.Be3 Rec8 28.Ra3 Nd7 29.Bf1 Nf6
30.Rd3 d5 31.exd5 Nxd5 32.Bd2 e4 33.Rxd5 exf3 34.Rd3 Rxg4+ 35.Kf2 fxe2 36.Bxe2 Bh4+
37.Kf1 Re4 38.Bf3 Re5 39.Rd4 Rf5 40.Kg2 Bf6 41.Rd6 Rc4 42.Rd3 Rh4 43.Be1 Rh3
44.Bg3 Rhxh5 45.Bxb7 Bc4 46.Rf3 Rxf3 47.Bxf3 Rg5 48.Kf2 h5 49.Be4 g6 50.Bf4 Rg4
51.Ke3 h4 52.Bd6 Rg1 53.Bd3 Bxd3  0-1

[Event "Asian Continental 2013"]
[Site "Manila PHI"]
[Date "2013.05.26"]
[Round "9.3"]
[White "Dzhumaev,M"]
[Black "Sasikiran,K"]
[Result "0-1"]
[WhiteElo "2549"]
[BlackElo "2669"]

1.e4 c5 2.Nf3 d6 3.d4 cxd4 4.Nxd4 Nf6 5.Nc3 a6 6.g3 e6 7.Bg2 Be7 8.O-O O-O
9.Be3 Nc6 10.a4 Qc7 11.Qe2 Re8 12.f4 Rb8 13.Kh1 Nxd4 14.Bxd4 b6 15.e5 Nd7
16.Ne4 Bb7 17.exd6 Bxd6 18.Nxd6 Bxg2+ 19.Qxg2 Qxd6 20.Rad1 Qc7 21.Rf3 Rbd8
22.Rc3 Nc5 23.Qf3 a5 24.b3 Qd7 25.Re3 Qd5 26.Kg2 f6 27.Rd2 Qd6 28.Ree2 Qc7
29.Bf2 Rxd2 30.Rxd2 h6 31.Re2 Nd7 32.Qh5 Re7 33.Qf3 e5 34.Qa8+ Kh7 35.Qe4+ Kg8
36.Qa8+ Kf7 37.Qd5+ Kg6 38.c4 Kh7 39.Qe4+ Kg8 40.Bd4 Qd6 41.Bf2 Kf7 42.Qf3 exf4
43.Rxe7+ Kxe7 44.gxf4 f5 45.Kf1 Nc5 46.Bxc5 bxc5 47.Ke2 Kf7 48.h4 Qe7+ 49.Kd3 Qxh4
50.Qd5+ Kg6 51.Qxc5 Qxf4 52.Qxa5 Qe4+ 53.Kd2 Qd4+ 54.Kc2 h5 55.c5 h4 56.Qa6+ Kh7
57.c6 Qe4+ 58.Kd2 h3 59.Qe2 Qxc6 60.Qe5 Qe4  0-1

[Event "35th Nezhmetdinov Cup"]
[Site "Kazan RUS"]
[Date "2013.06.01"]
[Round "2.16"]
[White "Gabuzyan,H"]
[Black "Gerasimov,I"]
[Result "1/2-1/2"]
[WhiteElo "2532"]
[BlackElo "2336"]

1.e4 c5 2.Nf3 d6 3.d4 cxd4 4.Nxd4 Nf6 5.Nc3 a6 6.Be3 Ng4 7.Bc1 Nf6 8.g3 e6
9.Bg2 Be7 10.O-O O-O 11.Be3 Qc7 12.a4 Nc6 13.Nxc6 bxc6 14.a5 Bb7 15.Bb6 Qc8
16.e5 dxe5 17.Na4 c5 18.Bxb7 Qxb7 19.Nxc5 Bxc5 20.Bxc5 Rfd8 21.Qc1 Ne4 22.Be3 f5
23.Ra3 Rac8 24.Rd1 Qb5 25.Rxd8+ Rxd8 26.Bb6 Rd2 27.Rd3 Rxd3 28.cxd3 Qxd3
29.Qc8+ Kf7 30.Qc7+ Kf6 31.Qb8 Qd1+ 32.Kg2 Qd5 33.h4 Ng5+ 34.Kh2 Nf3+ 35.Kh3 Ng1+
36.Kh2 Nf3+ 37.Kh3 Ng1+ 38.Kh2 Nf3+  1/2-1/2